[Event "ESP-ch U12 rapid"]
[Site "Salobrena"]
[Date "2024.07.14"]
[Round "5"]
[White "Rivero Gil, Carlos"]
[Black "Otero Martinez, Jordi"]
[Result "1/2-1/2"]
[WhiteElo "1798"]
[BlackElo "1663"]
[PlyCount "114"]
[EventDate "2024.07.13"]
[EventType "swiss (rapid)"]
[EventRounds "9"]
[EventCountry "ESP"]
[SourceTitle "EXT 2025"]
[Source "ChessBase"]
[SourceDate "2024.10.14"]
[SourceVersion "1"]
[SourceVersionDate "2024.10.14"]
[SourceQuality "1"]

1. e4 c5 2. Nf3 d6 3. d4 cxd4 4. Nxd4 Nf6 5. Nc3 e6 6. Be3 Be7 7. Be2 a6 8. a4 Bd7 9. Qd2 0-0 10. 0-0 Nc6 11. f4 Qc7 12. Bf3 Rfd8 13. Nb3 b6 14. Qf2 Rab8 15. Be2 Bc8 16. Rfd1 d5 17. e5 Ne8 18. Bd3 g6 19. Ne2 Rd7 20. Ned4 Nxd4 21. Bxd4 Ng7 22. g4 Rd8 23. Ra2 a5 24. Be3 Bd7 25. Nd4 Bc6 26. Bb5 Be8 27. Bxe8 Rxe8 28. Nb5 Qb7 29. b3 Rec8 30. Raa1 Ne8 31. f5 Nc7 32. Nd4 Ne8 33. f6 Bf8 34. h4 Qc7 35. Bf4 Bc5 36. Rd2 Bxd4 37. Qxd4 Qc5 38. Be3 Qxd4 39. Bxd4 Nc7 40. Rad1 Na6 41. Bb2 Nc5 42. Kg2 Rc6 43. Bd4 Rbc8 44. Bxc5 Rxc5 45. Rc1 b5 46. axb5 Rxb5 47. Kf3 Ra8 48. Ra1 Rb4 49. Rh2 a4 50. Rxa4 Raxa4 51. bxa4 Rxa4 52. g5 h6 53. gxh6 Kh7 54. h5 Kxh6 55. hxg6+ Kxg6 56. Rh8 Kf5 57. Rh5+ Kg6 1/2-1/2

[Event "ESP-ch U12 rapid"]
[Site "Salobrena"]
[Date "2024.07.13"]
[Round "1"]
[White "Rivero Gil, Carlos"]
[Black "Almau Izquierdo, Ivan"]
[Result "0-1"]
[WhiteElo "1798"]
[BlackElo "1544"]
[PlyCount "74"]
[EventDate "2024.07.13"]
[EventType "swiss (rapid)"]
[EventRounds "9"]
[EventCountry "ESP"]
[SourceTitle "EXT 2025"]
[Source "ChessBase"]
[SourceDate "2024.10.14"]
[SourceVersion "1"]
[SourceVersionDate "2024.10.14"]
[SourceQuality "1"]

1. e4 c5 2. Nf3 g6 3. d4 cxd4 4. Nxd4 Bg7 5. c4 Nc6 6. Be3 Nf6 7. Nc3 Ng4 8. Qxg4 Nxd4 9. 0-0-0 d6 10. Qg3 Nc6 11. Bd2 0-0 12. h4 h6 13. h5 g5 14. f4 f6 15. Kb1 a5 16. fxg5 fxg5 17. Nd5 e6 18. Nc3 Bd7 19. Bd3 Qe7 20. Nb5 Ne5 21. Be2 Rac8 22. Bc3 Nxc4 23. Bxc4 Rxc4 24. Nxd6 Rc6 25. e5 a4 26. Nxb7 Rb8 27. Nd6 Qd8 28. Ne4 Qc7 29. Rd3 Rc4 30. Nd6 Rc6 31. Rhd1 Be8 32. Qf3 Bxh5 33. Qxh5 Rxc3 34. Rxc3 Qxc3 35. Qf7+ Kh8 36. Nb7 Qxe5 37. Qe7 Qxb2# 0-1

[Event "ESP-ch U12"]
[Site "Salobrena"]
[Date "2024.07.12"]
[Round "8"]
[White "Rivero Gil, Carlos"]
[Black "Rendueles Sampedro, Juan"]
[Result "1-0"]
[WhiteElo "1701"]
[BlackElo "1460"]
[PlyCount "45"]
[EventDate "2024.07.08"]
[EventType "swiss"]
[EventRounds "9"]
[EventCountry "ESP"]
[SourceTitle "EXT 2025"]
[Source "ChessBase"]
[SourceDate "2024.10.14"]
[SourceVersion "1"]
[SourceVersionDate "2024.10.14"]
[SourceQuality "1"]

1. e4 e5 2. Nf3 Nc6 3. Bc4 Bc5 4. c3 d6 5. d3 h6 6. Nbd2 Nf6 7. 0-0 0-0 8. h3 Bd7 9. Bb3 Bb6 10. Re1 Ne7 11. Nf1 Ng6 12. Ng3 Be6 13. Bc2 c6 14. d4 Qd7 15. Nf5 Ne7 16. dxe5 dxe5 17. Qxd7 Bxd7 18. Nxe7+ Kh8 19. Nxe5 Rfe8 20. Nxf7+ Kh7 21. e5+ Ne4 22. Bxe4+ Bf5 23. Bxf5+ 1-0

[Event "ESP-ch U12"]
[Site "Salobrena"]
[Date "2024.07.10"]
[Round "5"]
[White "Gaitan Galstyan, Narek"]
[Black "Rivero Gil, Carlos"]
[Result "1/2-1/2"]
[WhiteElo "1838"]
[BlackElo "1701"]
[PlyCount "60"]
[EventDate "2024.07.08"]
[EventType "swiss"]
[EventRounds "9"]
[EventCountry "ESP"]
[SourceTitle "EXT 2025"]
[Source "ChessBase"]
[SourceDate "2024.10.14"]
[SourceVersion "1"]
[SourceVersionDate "2024.10.14"]
[SourceQuality "1"]

1. e4 e6 2. d4 d5 3. e5 c5 4. c3 Qb6 5. Nf3 Nc6 6. a3 c4 7. Be2 Na5 8. Nbd2 Bd7 9. 0-0 Ne7 10. Rb1 Qc7 11. Qc2 Rc8 12. b4 cxb3 13. Nxb3 Ba4 14. Nfd2 Nf5 15. Qb2 Nxb3 16. Nxb3 Qxc3 17. g4 Qxb2 18. Bxb2 Ne7 19. Nc5 Bc6 20. Rfc1 Ng6 21. a4 Bxc5 22. Rxc5 Nf4 23. Bf1 0-0 24. Rbc1 Bd7 25. Rc7 Bc6 26. Rxc8 Rxc8 27. a5 Bd7 28. a6 bxa6 29. Bxa6 Rxc1+ 30. Bxc1 Ng6 1/2-1/2

[Event "ESP-ch U12"]
[Site "Salobrena"]
[Date "2024.07.08"]
[Round "2"]
[White "Bru Montoya, Pau"]
[Black "Rivero Gil, Carlos"]
[Result "1/2-1/2"]
[WhiteElo "1971"]
[BlackElo "1701"]
[PlyCount "119"]
[EventDate "2024.07.08"]
[EventType "swiss"]
[EventRounds "9"]
[EventCountry "ESP"]
[SourceTitle "EXT 2025"]
[Source "ChessBase"]
[SourceDate "2024.10.14"]
[SourceVersion "1"]
[SourceVersionDate "2024.10.14"]
[SourceQuality "1"]

1. e4 e5 2. Nf3 Nc6 3. d4 exd4 4. Bc4 Nf6 5. 0-0 Nxe4 6. Re1 d5 7. Bxd5 Qxd5 8. Nc3 Qd7 9. Nxe4 Be7 10. Bg5 0-0 11. Bxe7 Qxe7 12. Nxd4 Bd7 13. Qh5 Qb4 14. c3 Qxb2 15. Reb1 Qa3 16. Nc5 Nxd4 17. Nxd7 Rfd8 18. Nf6+ gxf6 19. Qg4+ Kf8 20. cxd4 Qa4 21. Qf5 Kg7 22. Qg4+ Kf8 23. Rd1 Rd6 24. Qh4 Rad8 25. Qxh7 Rxd4 26. Qh8+ Ke7 27. Re1+ Re4 28. Qh4 Rdd4 29. f3 Re6 30. Qg3 Qa5 31. Rxe6+ fxe6 32. Qg7+ Ke8 33. Qxf6 Qb6 34. Kh1 Qd6 35. h4 Rf4 36. Qg6+ Kd7 37. Qh7+ Kc8 38. Re1 Qd8 39. g3 Rxf3 40. Qe4 Rxg3 41. Qxe6+ Kb8 42. Qe8 Rg8 43. Qxd8+ Rxd8 44. Kg2 b5 45. Kg3 Rd2 46. h5 Rxa2 47. h6 Ra6 48. h7 Rg6+ 49. Kf4 Rf6+ 50. Kg5 Rf8 51. Kg6 a5 52. Kg7 Rd8 53. Re5 c6 54. Re7 b4 55. Re3 a4 56. Kf7 b3 57. Re8 Rxe8 58. Kxe8 b2 59. h8Q b1Q 60. Kd7+ 1/2-1/2

[Event "Merida Heuristic Solutions op U1600"]
[Site "Badajoz"]
[Date "2021.08.03"]
[Round "4.25"]
[White "Blanco Barra, Lucas"]
[Black "Rivero Gil, Carlos"]
[Result "0-1"]
[WhiteElo "1074"]
[BlackElo "1127"]
[PlyCount "126"]
[EventDate "2021.08.02"]
[EventType "swiss"]
[EventRounds "7"]
[EventCountry "ESP"]
[SourceTitle "EXT 2023"]
[Source "ChessBase"]
[SourceDate "2022.10.05"]
[SourceVersion "1"]
[SourceVersionDate "2022.10.05"]
[SourceQuality "1"]

1. d4 Nf6 2. Nf3 g6 3. c4 Bg7 4. Nc3 0-0 5. e4 d6 6. d5 Bg4 7. Bd3 Nbd7 8. 0-0 e5 9. h3 Bxf3 10. Qxf3 c6 11. Bd2 cxd5 12. cxd5 Nc5 13. Rac1 Nxd3 14. Qxd3 Nd7 15. Nb5 a6 16. Nxd6 b5 17. Nb7 Qb6 18. Na5 b4 19. Nc6 a5 20. d6 Bf6 21. Ne7+ Kh8 22. Be3 Qa6 23. Qxa6 Rxa6 24. Rfd1 Re8 25. Rc7 Bxe7 26. dxe7 Nf6 27. Rd8 Ra8 28. Bg5 Kg7 29. Rc6 Nxe4 30. Rxa8 Rxa8 31. Be3 Re8 32. Bb6 Rxe7 33. Bxa5 Ra7 34. Bxb4 Rxa2 35. Rc4 Ra1+ 36. Kh2 Nxf2 37. Bc3 f6 38. Rc7+ Kh6 39. Bd2+ g5 40. h4 Rh1+ 41. Kg3 Ne4+ 42. Kg4 Rxh4+ 43. Kf5 Nxd2 44. Rb7 e4 45. b4 e3 46. b5 e2 47. Rf7 Rf4+ 48. Ke6 e1R+ 49. Kd6 Rd4+ 50. Kc5 Nb3+ 51. Kb6 Re6+ 52. Kc7 Rc4+ 53. Kb8 Rb4 54. Rb7 Re5 55. b6 Reb5 56. Ka7 Na5 57. Rb8 Nc6+ 58. Kb7 Nxb8 59. Kxb8 Rxb6+ 60. Kc7 Ra6 61. g4 Rb5 62. Kc8 Ra7 63. Kd8 Rb8# 0-1